| 000 | 00681nam a22002177a 4500 | ||
|---|---|---|---|
| 005 | 20260209131338.0 | ||
| 008 | 260205b |||||||| |||| 00| 0 eng d | ||
| 020 | _a0761927689 | ||
| 050 |
_aQ180. A1 _bL63 2004 |
||
| 100 | _a Locke, Lawrence F. | ||
| 245 | _a Reading and understanding research / | ||
| 250 | _a2nd ed. | ||
| 260 |
_a Thousand Oaks, Calif. : _bSage Publications, _c2004. |
||
| 300 |
_axvii, 282 p. : _b ill. ; _c 23 cm. |
||
| 500 | _a Includes bibliographical references (p. 269-273) and index. | ||
| 650 | _a Research. | ||
| 650 |
_a Research . _xMethodology |
||
| 700 | _aSilverman, Stephen J. | ||
| 700 | _aSpirduso, Waneen Wyrick. | ||
| 942 |
_2lcc _cBK |
||
| 999 |
_c60139 _d60139 |
||